Statystyki dla Kraje z największą liczbą osób mówiących po rosyjsku

Kliknij tutaj aby rozwiązać quiz!

Ogólne statystyki

  • Ten quiz został rozwiązany 395 razy
  • Średni wynik to 12 z 16

Statystyki odpowiedzi

# Użytkownicy%Państwo% Poprawnych
118,581,00085.7Rosja
100%
14,273,00019.6Ukraina
99%
6,672,00070.2Białoruś
96%
3,793,00021.2Kazachstan
91%
218,0007.2Litwa
88%
698,00033.8Łotwa
88%
383,00029.6Estonia
86%
264,0009.7Mołdawia
72%
900,0000.3Stany Zjednoczone
71%
482,0008.9Kirgistan
69%
77,0000.4Finlandia
68%
305,0005.4Turkmenistan
64%
2.257.0002.8Niemcy
63%
122,0001.4Azerbejdżan
61%
112,0000.3Kanada
59%
1,155,00015.0Izrael
21%

Rozkład punktacji

Percentyl według liczby udzielonych odpowiedzi

Procent ludzi z każdym wynikiem

Twoja historia wyników

Nie rozwiązałeś tego quizu